=LDR 00000nam 2200000 4500 =001 INLIS000000001052524 =005 20240906073136 =035 ##$$a 0010-0924000063 =007 ta =008 240906################g##########1###### =020 ##$$a 978-89-92693-10-3 =082 ##$$a 741.5 =084 ##$$a 741.5 CHA m.vi =100 #$$a Cha Hyun-Jin =245 1#$$a Melarikan diri dari krisis jilid 6 /$c Cha Hyun-Jin =260 ##$$a Mapo-gu :$b Bright Future,$c 2008 =300 ##$$a 203 hlm : $b ilus ; $c 18 x 24 cm =650 #4$$a Komik =990 ##$$a 19191919